000 00873cab a2200265 4500
001 ABS54615
008 090401t1996 xxu||||| |||| 00| 0 eng d
035 _a(Sirsi) u11358
041 _aeng
245 _aAlternative land use
260 _c1996
300 _aLOAN
350 _a0
490 _aFarm Development Review
_v10(4) February 1996, (8)
520 _aReviews forms of farm diversification - focussing on farm shops; planning permission for rural businesses under the government Rural White Paper; the current poor performance of organic farming; and the possibilities for growing non-food crops.
650 _aFARM DIVERSIFICATION
650 _aFARM SHOPS
650 _aNON-LOCAL PRODUCE
650 _aORGANIC FARMING
650 _aRURAL PLANNING
650 _aRURAL WHITE PAPER
690 _aRURAL PRACTICE
942 _n0
948 _c04/03/1997
999 _c7234
_d7234